Memorias
Uloženo v:
| Hlavní autor: | |
|---|---|
| Médium: | Kniha |
| Jazyk: | španělština |
| Vydáno: |
Santiago
Gabriela Mistral
1975
|
| Témata: | |
| Tagy: |
Přidat tag
Žádné tagy, Buďte první, kdo vytvoří štítek k tomuto záznamu!
|
MARC
| LEADER | 00000nam a2200000 a 4500 | ||
|---|---|---|---|
| 001 | UCX8550 | ||
| 003 | CL-VaPUC | ||
| 008 | 940413e19750000CL |||||||||||||||||spa|d | ||
| 082 | 0 | 4 | |a 983 |b GON |2 21 |
| 100 | 0 | |a González Videla, Gabriel |e author |9 308284 | |
| 245 | 1 | 0 | |a Memorias |
| 300 | |a 2 v | ||
| 942 | |c BK | ||
| 945 | |d 19940413 00:00:00 |a rbrito | ||
| 260 | |a Santiago |b Gabriela Mistral |c 1975 | ||
| 600 | 0 | 7 | |a GONZALEZ VIDELA, GABRIEL |2 CL-VaPUC |9 308284 |
| 650 | 0 | |a Historia Siglo XX |9 325686 | |
| 651 | 7 | |a CHILE |2 CL-VaPUC |9 325687 | |
| 583 | |a last modification |c 19940413 00:00:00 |k Rodrigo Vera | ||
| 999 | |c 228012 |d 228010 | ||
| 952 | |0 0 |1 0 |4 0 |6 983_000000000000000_GON_1975 |7 0 |8 A |9 227584 |a BIBEDU |b BIBEDU |d 2019-11-15 |h v.1 |i 296693K |l 1 |o 983 GON 1975 |p 296693K |r 2022-08-16 |s 2022-08-08 |w 2019-11-15 |y BK |k EDU | ||
| 952 | |0 0 |1 0 |4 0 |6 983_000000000000000_GON_1975 |7 0 |8 A |9 227585 |a BIBEDU |b BIBEDU |d 2019-11-15 |h v.2 |i 2967316 |o 983 GON 1975 |p 2967316 |r 2019-11-15 |w 2019-11-15 |y BK |k EDU | ||
| 952 | |0 0 |1 0 |4 0 |6 983_000000000000000_GON_1975 |7 0 |8 P |9 227586 |a BIBDER |b BIBDER |d 2019-11-15 |h v.1 |i 186467K |o 983 GON 1975 |p 186467K |r 2023-01-25 |w 2019-11-15 |y BK |k DER | ||
| 952 | |0 0 |1 0 |4 0 |6 983_000000000000000_GON_1975 |7 0 |8 P |9 227587 |a BIBDER |b BIBDER |d 2019-11-15 |h v.2 |i 1864688 |o 983 GON 1975 |p 1864688 |r 2023-01-25 |w 2019-11-15 |y BK |k DER | ||
| 952 | |0 0 |1 0 |4 0 |6 983_000000000000000_GON_1975 |7 0 |8 A |9 227588 |a BIBHIS |b BIBHIS |d 2019-11-15 |h v.2 |i 1254790 |o 983 GON 1975 |p 1254790 |r 2025-01-20 |w 2019-11-15 |y BK |k HIS | ||